000 00678nam a2200289Ia 4500
005 20260324130019.0
008 008 260324s9999 xx 000 0 eng d
020 _a9781315432854
037 _aEBOOK
040 _aCRL
040 _beng
040 _cCRL
041 _2eng
041 _aeng
084 _qCRL
100 _aChristopher Tilley
_9998617
245 0 _aBody and Image
245 0 _bExplorations in Landscape Phenomenology 2
260 _bTaylor and Francis
260 _c2008
365 _a
365 _b240
856 _uhttp://www.taylorfrancis.com/books/9781315432854
942 _cEBOOK
999 _c1775940
_d1775940